Η φιλοσοφία ως διάσταση και προοπτική στη δια βίου μάθηση
Αποθηκεύτηκε σε:
| Άλλοι συγγραφείς: | |
|---|---|
| Μορφή: | Βιβλίο |
| Γλώσσα: | Greek |
| Δημοσίευση: |
Θεσσαλονίκη :
Εκδόσεις Πανεπιστημίου Μακεδονίας,
2018.
|
| Θέματα: | |
| Ετικέτες: |
Προσθήκη ετικέτας
Δεν υπάρχουν, Καταχωρήστε ετικέτα πρώτοι!
|
MARC
| LEADER | 00000nam a2200000 a 4500 | ||
|---|---|---|---|
| 001 | 1/118629 | ||
| 008 | 190513s2018####gr | ||| |||| ||gre|| | ||
| 020 | |a 9786185196332 | ||
| 040 | |a GR-MyUa |b gre |c GR-MyUa |e AACR2 | ||
| 041 | 0 | |a gre | |
| 082 | 7 | |a 374.001 |2 (23) | |
| 245 | 0 | 2 | |a Η φιλοσοφία ως διάσταση και προοπτική στη δια βίου μάθηση / |c επιμέλεια: Βασιλική Καραβάκου. |
| 260 | |a Θεσσαλονίκη : |b Εκδόσεις Πανεπιστημίου Μακεδονίας, |c 2018. | ||
| 300 | |a 271 σ. ; |b 24 εκ. | ||
| 500 | |a Περιέχει υποσημειώσεις. | ||
| 504 | |a Περιλαμβάνει βιβλιογραφίες. | ||
| 650 | 0 | |a Education |x Philosophy. | |
| 650 | 0 | |a Education |x Social aspects |x Philosophy. | |
| 700 | 1 | |a Καραβάκου, Βασιλική, |e edtf | |
| 852 | |a INST |b RHODES |c EUDOXUS |e 20190513 |h 374.001 ΦΙΛ |p 005400040634 |q 005400040634 |t EDX |y 0 | ||
| 920 | |a Εύδοξος |b Παραγγελία |y Ρόδος-ΠΤΔΕ |z 2019-05 | ||
| 970 | |a Μαρία |b Κωτάκου |z 13-05-2019 | ||